Curs d'acústica aplicada = curso de acústica aplicada
Publicado:
Barcelona :
Diputació de Barcelona. Laboratori General d'Assaigs i d'Investigacions ,
1982
Descripción Física:
1 f. plegat ; 22 cm
Materias:
Enginyeria acústica -- Ensenyament
MARC
| LEADER | 00000nam a2200000Ia 4500 | ||
|---|---|---|---|
| 001 | 19584 | ||
| 003 | BGR | ||
| 005 | 20260324175743.0 | ||
| 008 | 160829s1982 xx 000 0 cat d | ||
| 080 | |a FU-9-9 | ||
| 245 | |a Curs d'acústica aplicada = curso de acústica aplicada | ||
| 260 | |a Barcelona : |b Diputació de Barcelona. Laboratori General d'Assaigs i d'Investigacions, |c 1982 | ||
| 300 | |a 1 f. plegat ; |c 22 cm | ||
| 590 | |a A la portada: Escola d'Administració d'Empreses | ||
| 650 | |a Enginyeria acústica |x Ensenyament |9 40062 | ||
| 710 | 1 | |a Barcelona (Catalunya : Província). |b Diputació |9 52408 | |
| 710 | 2 | |a Laboratori General d'Assaigs i d'Investigacions |9 71353 | |
| 901 | |a Arxiu | ||
| 942 | |n 1 |2 udc |c MON | ||
| 952 | |0 0 |1 0 |4 0 |6 FU99 |7 1 |9 49395 |a Arxiu |b Arxiu |d 2016-12-01 |l 0 |o FU-9-9 |p 19584 |r 2016-12-01 00:00:00 |w 2016-12-01 |y ARXIU | ||
| 999 | |c 53237 |d 53237 | ||